| 000 | 01041nam a22003017a 4500 | ||
|---|---|---|---|
| 003 | CHAP | ||
| 005 | 20220329140429.0 | ||
| 008 | 971013s1965 r 00010 d | ||
| 010 | _a51845 | ||
| 011 | _a52817 | ||
| 035 | _a56967 | ||
| 040 | _cCHAP | ||
| 090 | _aFolleto 51 | ||
| 100 | 0 | 0 |
_aFernández Valiela, M. V. _940312 |
| 245 | _aOtras enfermedades de virus de la papa | ||
| 260 |
_aBuenos Aires : _bInstituto Nacional de Tecnología Agropecuaria, _c1965 |
||
| 300 |
_a45 p. _b: ilus. |
||
| 490 |
_aCurso de fitopatología para graduados. Apuntes de clase _v; 14 (virosis) |
||
| 590 |
_aBATCH-UPD _b10 _c20130110 _lUCH01 _h2300 |
||
| 590 |
_aBATCH-UPD _b10 _c20130410 _lUCH01 _h1553 |
||
| 590 |
_aBATCH-UPD _b10 _c20130914 _lUCH01 _h1858 |
||
| 590 |
_aCONVERSION _b10 _c20130109 _lUCH01 _h1328 |
||
| 650 | 1 | 4 |
_aPapa _xEnfermedades por virus. _985231 |
| 830 | 0 |
_aCurso de fitopatología para graduados. Apuntes de clase _v; 14 (virosis) _930617 |
|
| 901 | _aBK | ||
| 942 | _cFOLL | ||
| 949 |
_aFolleto 51 _bBC _cFOLL _d-124143 _eTS1 _i56967 _si |
||
| 999 |
_c51845 _d51845 |
||